Detalles MARC
| 000 -CABECERA |
| Longitud fija campo de control |
02232cam a2200529 c 4500 |
| 003 - • IDENTIFICADOR DELl NÚMERO DE CONTROL |
| Identificador del número de control |
CO-BoRNBP |
| 005 - • FECHA Y HORA DE LA ÚLTIMA TRANSACCIÓN |
| Fecha y hora de la última transacción |
20260205195009.0 |
| 007 - • CAMPO FIJO DE DESCRIPCIÓN FÍSICA |
| Campo fijo de descripción física |
ta |
| 008 - • CÓDIGOS DE INFORMACIÓN DE LONGITUD FIJA |
| Códigos de información de longitud fija |
890628s1978 sp a | |||| 000 1 spa |
| 017 ## - NÚMERO DE COPYRIGHT O DE DEPÓSITO LEGAL |
| Número de copyright o de depósito legal |
M 26746-1978 |
| Agencia que asigna el número |
Oficina Depósito Legal Madrid |
| 020 ## - • NÚMERO INTERNACIONAL NORMALIZADO PARA LIBROS |
| Número Internacional Normalizado para Libros (ISBN) |
8420614556 |
| 040 ## - FUENTE DE LA CATALOGACIÓN |
| Centro catalogador de origen |
SpMaBN |
| Lengua de catalogación |
spa |
| Centro transcriptor |
SpMaBN |
| Normas de descripción |
rdc |
| 041 1# - • CÓDIGO DE LENGUA |
| Código de lengua del texto/banda sonora o título independiente |
spa |
| Código de lengua original |
eng |
| 080 ## - NÚMERO DE LA CLASIFICACIÓN DECIMAL UNIVERSAL |
| Número de la Clasificación Decimal Universal |
087.5:82 |
| 100 1# - • PUNTO DE ACCESO PRINCIPAL-NOMBRE DE PERSONA |
| Nombre de persona |
Carroll, Lewis |
| Fechas asociadas al nombre |
1832-1898 |
| 240 10 - • TÍTULO UNIFORME |
| Título uniforme |
<a href="Through the looking-glass">Through the looking-glass</a> |
| 245 10 - • TITULO PROPIAMENTE DICHO |
| Título |
A través del espejo y lo que Alicia encontró al otro lado |
| Mención de responsabilidad, etc. |
Lewis Carroll ; ilustraciones de John Tenniel ; traducción y prólogo de Jaime de Ojeda |
| 250 ## - • MENCIÓN DE EDICIÓN |
| Mención de edición |
[1ª ed. en "El libro de bolsillo"] |
| 300 ## - • DESCRIPCIÓN FÍSICA |
| Extensión |
219 p. |
| Dimensiones |
18 cm |
| 336 ## - TIPO DE CONTENIDO |
| Fuente |
rdacontent |
| Término de tipo de contenido |
texto |
| Código de tipo de contenido |
txt |
| 337 ## - TIPO DE MEDIO |
| Fuente |
rdamedia |
| Nombre del tipo de medio |
sin mediación |
| Código del tipo de medio |
n |
| 338 ## - TIPO DE SOPORTE |
| Fuente |
rdacarrier |
| Nombre del tipo de soporte |
volumen |
| Código del tipo de soporte |
nc |
| 490 0# - • MENCIÓN DE SERIE |
| Mención de serie |
El Libro de bolsillo |
| Designación de volumen o secuencia |
455. |
| Mención de serie |
Sección Literatura |
| 650 ## - • PUNTO DE ACCESO ADICIONAL DE MATERIA - TÉRMINO DE MATERIA |
| Fuente del encabezamiento o término |
LEMB |
| 700 1# - • PUNTO DE ACCESO ADICIONAL - NOMBRE DE PERSONA |
| Nombre de persona |
Tenniel, John |
| Fechas asociadas al nombre |
1820-1914 |
| Término indicativo de función |
ilustrador |
| 700 1# - • PUNTO DE ACCESO ADICIONAL - NOMBRE DE PERSONA |
| Nombre de persona |
Ojeda, Jaime de |
| Fechas asociadas al nombre |
1933- |
| Término indicativo de función |
traductor |
| -- |
prologuista |
| 942 ## - ENTRADA DE ELEMENTOS AGREGADOS (KOHA) |
| Fuente de clasificaión o esquema |
Dewey Decimal Classification |
| Koha [por defecto] tipo de item |
LIbro |
| 956 ## - LOCALIZACIÓN Y ACCESO ELECTRÓNICO LOCAL (OCLC) |
| Nombre de la fuente |
1 2 |
| 980 ## - EQUIVALENCIA O SECCIÓN-REFERENCIA-INFORME SERIES--NOMBRE / TÍTULO DE PERSONA [LOCAL, CANADA] |
| Nombre personal |
M 16079-1987 |
| -- |
84-206-1455-6 |
| -- |
SpMaBN |
| Numeración |
BNMADRID |
| Atributo cualificador |
3/158467 |
| T&íacute;tulos u otras palabras asociadas a nombre |
SG_RECOLET |
| 980 ## - EQUIVALENCIA O SECCIÓN-REFERENCIA-INFORME SERIES--NOMBRE / TÍTULO DE PERSONA [LOCAL, CANADA] |
| Nombre personal |
M 6602-1989 |
| -- |
SpMaBN |
| Numeración |
BNMADRID |
| Atributo cualificador |
3/191243 |
| T&íacute;tulos u otras palabras asociadas a nombre |
SG_RECOLET |
| 980 ## - EQUIVALENCIA O SECCIÓN-REFERENCIA-INFORME SERIES--NOMBRE / TÍTULO DE PERSONA [LOCAL, CANADA] |
| Nombre personal |
M 32168-1991 |
| -- |
SpMaBN |
| Numeración |
BNMADRID |
| Atributo cualificador |
3/200530 |
| T&íacute;tulos u otras palabras asociadas a nombre |
SG_RECOLET |
| 980 ## - EQUIVALENCIA O SECCIÓN-REFERENCIA-INFORME SERIES--NOMBRE / TÍTULO DE PERSONA [LOCAL, CANADA] |
| Nombre personal |
SpMaBN |
| Numeración |
BNMADRID |
| Atributo cualificador |
7/125798 |
| T&íacute;tulos u otras palabras asociadas a nombre |
SG_RECOLET |
| 980 ## - EQUIVALENCIA O SECCIÓN-REFERENCIA-INFORME SERIES--NOMBRE / TÍTULO DE PERSONA [LOCAL, CANADA] |
| Nombre personal |
SpMaBN |
| Numeración |
BNMADRID |
| Atributo cualificador |
9/41173 |
| T&íacute;tulos u otras palabras asociadas a nombre |
SG_RECOLET |
| 980 ## - EQUIVALENCIA O SECCIÓN-REFERENCIA-INFORME SERIES--NOMBRE / TÍTULO DE PERSONA [LOCAL, CANADA] |
| Nombre personal |
M 29361-1990 |
| -- |
SpMaBN |
| Numeración |
BNALCALA |
| Atributo cualificador |
AHM/2111 |
| T&íacute;tulos u otras palabras asociadas a nombre |
SG_PETANTI |
| 980 ## - EQUIVALENCIA O SECCIÓN-REFERENCIA-INFORME SERIES--NOMBRE / TÍTULO DE PERSONA [LOCAL, CANADA] |
| Nombre personal |
M 40306-1992 |
| -- |
SpMaBN |
| Numeración |
BNALCALA |
| Atributo cualificador |
AHM/2423 |
| T&íacute;tulos u otras palabras asociadas a nombre |
SG_PETANTI |
| 980 ## - EQUIVALENCIA O SECCIÓN-REFERENCIA-INFORME SERIES--NOMBRE / TÍTULO DE PERSONA [LOCAL, CANADA] |
| Nombre personal |
SpMaBN |
| Numeración |
BNALCALA |
| Atributo cualificador |
DL/218775 |
| T&íacute;tulos u otras palabras asociadas a nombre |
CONSERVACI |
| 980 ## - EQUIVALENCIA O SECCIÓN-REFERENCIA-INFORME SERIES--NOMBRE / TÍTULO DE PERSONA [LOCAL, CANADA] |
| Nombre personal |
SpMaBN |
| Numeración |
BNALCALA |
| Atributo cualificador |
DL/255334 |
| T&íacute;tulos u otras palabras asociadas a nombre |
CONSERVACI |
| 980 ## - EQUIVALENCIA O SECCIÓN-REFERENCIA-INFORME SERIES--NOMBRE / TÍTULO DE PERSONA [LOCAL, CANADA] |
| Nombre personal |
M 16079-1987 |
| -- |
84-206-1455-6 |
| -- |
SpMaBN |
| Numeración |
BNALCALA |
| Atributo cualificador |
DL/371619 |
| T&íacute;tulos u otras palabras asociadas a nombre |
CONSERVACI |
| 980 ## - EQUIVALENCIA O SECCIÓN-REFERENCIA-INFORME SERIES--NOMBRE / TÍTULO DE PERSONA [LOCAL, CANADA] |
| Nombre personal |
M 6602-1989 |
| -- |
SpMaBN |
| Numeración |
BNALCALA |
| Atributo cualificador |
DL/414194 |
| T&íacute;tulos u otras palabras asociadas a nombre |
CONSERVACI |
| 980 ## - EQUIVALENCIA O SECCIÓN-REFERENCIA-INFORME SERIES--NOMBRE / TÍTULO DE PERSONA [LOCAL, CANADA] |
| Nombre personal |
M 32168-1991 |
| -- |
SpMaBN |
| Numeración |
BNALCALA |
| Atributo cualificador |
DL/422205 |
| T&íacute;tulos u otras palabras asociadas a nombre |
CONSERVACI |
| 980 ## - EQUIVALENCIA O SECCIÓN-REFERENCIA-INFORME SERIES--NOMBRE / TÍTULO DE PERSONA [LOCAL, CANADA] |
| Nombre personal |
SpMaBN |
| Numeración |
BNALCALA |
| Atributo cualificador |
DL/470292 |
| T&íacute;tulos u otras palabras asociadas a nombre |
CONSERVACI |
| 980 ## - EQUIVALENCIA O SECCIÓN-REFERENCIA-INFORME SERIES--NOMBRE / TÍTULO DE PERSONA [LOCAL, CANADA] |
| Nombre personal |
M 40306-1992 |
| -- |
SpMaBN |
| Numeración |
BNALCALA |
| Atributo cualificador |
DL/570840 |
| T&íacute;tulos u otras palabras asociadas a nombre |
CONSERVACI |
| 980 ## - EQUIVALENCIA O SECCIÓN-REFERENCIA-INFORME SERIES--NOMBRE / TÍTULO DE PERSONA [LOCAL, CANADA] |
| Nombre personal |
M 17380-1994 |
| -- |
SpMaBN |
| Numeración |
BNALCALA |
| Atributo cualificador |
DL/631109 |
| T&íacute;tulos u otras palabras asociadas a nombre |
CONSERVACI |
| 980 ## - EQUIVALENCIA O SECCIÓN-REFERENCIA-INFORME SERIES--NOMBRE / TÍTULO DE PERSONA [LOCAL, CANADA] |
| Nombre personal |
M 20716-1995 |
| -- |
SpMaBN |
| Numeración |
BNALCALA |
| Atributo cualificador |
DL/666390 |
| T&íacute;tulos u otras palabras asociadas a nombre |
CONSERVACI |
| 980 ## - EQUIVALENCIA O SECCIÓN-REFERENCIA-INFORME SERIES--NOMBRE / TÍTULO DE PERSONA [LOCAL, CANADA] |
| Nombre personal |
M 19059-1996 |
| -- |
SpMaBN |
| Numeración |
BNALCALA |
| Atributo cualificador |
DL/720061 |
| T&íacute;tulos u otras palabras asociadas a nombre |
CONSERVACI |